000
00338nam a2200133Ia 4500
008
220216s9999 xx 000 0 und d
100
_a
Scott J R
245
0
_a
Rationalisation of the hardness testing of rubber
260
_b
IRI Transactions
_c
1935
300
_a
224-240
650
_a
Hardness testing
650
_a
Rubber
942
_c
JS
999
_c
66344
_d
66344